Vyrubovacie konanie

Vyrubovacie konanie podľa zákona č. 511/1992 o správe daní a poplatkov a o zmenách v sústave územných finančných orgánov v znení neskorších predpisov. Problematika podania daňového priznania a hlásenia, opravného, dodatočného priznania a hlásenia, majetkového priznania. Praktické príklady.

Enregistré dans:
Détails bibliographiques
Auteur principal: Králová, Martina
Format: Chapitre de livre
Langue:slovaque
Sujets:
Tags: Ajouter un tag
Pas de tags, Soyez le premier à ajouter un tag!

MARC

LEADER 00000naa a2200000 4500
001 r039063
005 20250721123141.0
041 0 |a slo 
044 |a SK 
245 1 0 |a Vyrubovacie konanie  |c Martina Králová 
520 |a Vyrubovacie konanie podľa zákona č. 511/1992 o správe daní a poplatkov a o zmenách v sústave územných finančných orgánov v znení neskorších predpisov. Problematika podania daňového priznania a hlásenia, opravného, dodatočného priznania a hlásenia, majetkového priznania. Praktické príklady. 
610 2 0 |a priznania daňové 
610 2 0 |a konanie vyrubovacie 
610 2 0 |a konanie daňové 
610 2 0 |a orgány finančné 
610 2 0 |a priznania majetkové 
610 2 0 |a kontrola daňová 
610 2 0 |a Slovensko 
100 1 |a Králová, Martina